000 00279nam a22000977a 4500
008 231208b |||||||| |||| 00| 0 eng d
020 _a9789355559630
100 _aMTG
_97733
245 _aCBSE BOARD EXAM 2023-2024 SAMPLE PAPERS-English Core-CLASS-12
260 _aNew Delhi
_bMTG
_c2023
999 _c12492
_d12492